[Event "EICC 2021"]
[Site "Reykjavik"]
[Date "2021.09.02"]
[Round "8.13"]
[White "Saric, Ivan"]
[Black "Dragnev, Valentin"]
[Result "1-0"]
[WhiteElo "2653"]
[BlackElo "2557"]
[Annotator "TA"]
[PlyCount "85"]
[EventDate "2021.08.26"]
[EventType "swiss"]
[EventCountry "ISL"]
[Tiebreak "Cut1 Buchholz"]
[SourceTitle "playchess.com"]
[Source "ChessBase"]
[SourceQuality "1"]

{[%evp 13,85,16,25,8,12,0,23,0,0,0,19,6,37,29,31,14,0,5,21,12,5,14,25,0,0,0,0,
0,17,21,14,0,35,41,68,64,68,43,56,8,13,13,14,14,128,128,128,128,128,128,128,
128,128,128,128,128,128,128,128,128,1874,1874,1874,1859,1589,1504,11189,8347,
1592,1592,29962,29965,6149,5282]} 1. e4 c5 2. Nf3 d6 3. d4 cxd4 4. Nxd4 Nf6 5.
Nc3 a6 6. Be3 e5 7. Nb3 Be7 8. h3 {B90: Sicilian Najdorf: Unusual White 6th
moves, 6 Be3 Ng4 and 6 Be3 e5.} h6 9. Qd2 Qc7 10. Be2 {White has an edge.} Be6
{[#]} 11. Nd5 $146 ({Predecessor:} 11. O-O O-O 12. Rfd1 Nbd7 13. a4 Nb6 14. Qd3
Rfd8 15. a5 Nc4 16. Bc1 Rac8 17. Qg3 {1/2-1/2 (35) Achatz,K (2349)-Mende,I 
(2419) ICCF email 2017}) 11... Bxd5 12. exd5 Nbd7 13. c4 a5 14. a4 Ne4 15. Qc2
Ndc5 16. Nxc5 Nxc5 17. h4 b6 18. Ra3 Qd8 19. g3 Qd7 20. Bf1 f5 21. Bh3 O-O 22.
O-O Rad8 23. Rb1 Rc8 24. b4 axb4 25. Rxb4 Bd8 $1 26. Rb5 (26. Bxc5 $5 dxc5 27.
Rbb3 $14) 26... g5 27. hxg5 hxg5 28. g4 f4 (28... fxg4 $11 29. Qg6+ Qg7 30.
Qxg7+ Kxg7 31. Bxg4 Ra8) 29. Bxc5 $16 Rxc5 30. Rxc5 dxc5 {[#]} 31. Bg2 $1 $36 {
[%mdl 2048] Black must now prevent Rh3. Keeping Black busy.} Kg7 32. Rh3 {
White wants to mate with Qh7+.} Rh8 33. Rxh8 Kxh8 34. Qg6 e4 35. Qh5+ ({
Much worse is} 35. Bxe4 $6 Qxg4+ 36. Kh2 Qh4+ 37. Kg2 (37. Kg1 Qg4+ 38. Kf1
Qd1+ 39. Kg2 Qg4+ 40. Kh2 Qh4+ 41. Kg2 Qg4+ 42. Kh2 $11) 37... Qg4+ 38. Kh2
Qh4+ 39. Kg2 (39. Kg1 Qg4+ 40. Kh2 $11) 39... Qg4+ 40. Kh2 $11) 35... Kg8 36.
Bxe4 {Threatens to win with d6!} Qf7 $2 {[%mdl 8192] [#] Loses the game.} (
36... Qe7 $16 37. Qg6+ Kf8) 37. d6 $1 $18 {White threatens Bd5! and mate.} Qxh5
38. gxh5 {KB-KB} Kf7 39. Bf5 g4 40. Bxg4 Kf6 41. Kg2 Kg5 42. Kf3 Bf6 43. d7 {
Weighted Error Value: White=0.05/Black=0.33} 1-0

[Event "EICC 2021"]
[Site "Reykjavik"]
[Date "2021.09.02"]
[Round "8.14"]
[White "Van Foreest, Lucas"]
[Black "Banusz, Tamas"]
[Result "1-0"]
[WhiteElo "2544"]
[BlackElo "2631"]
[Annotator "TA"]
[PlyCount "125"]
[EventDate "2021.08.26"]
[EventType "swiss"]
[EventCountry "ISL"]
[Tiebreak "Cut1 Buchholz"]
[SourceTitle "playchess.com"]
[Source "ChessBase"]
[SourceQuality "1"]

{[%evp 12,125,3,0,7,0,8,0,21,0,0,0,-1,0,-2,-15,0,0,0,0,0,0,0,-10,-10,-31,-26,
-39,0,-17,-13,-14,0,0,-8,-32,-24,-33,-47,-38,0,-43,-10,-12,0,0,12,0,0,0,0,0,8,
6,7,0,2,7,8,9,8,0,0,0,0,0,53,53,53,53,53,53,53,53,53,53,53,53,53,53,53,58,61,
65,65,65,65,65,65,65,65,65,65,65,65,8,65,0,29969,29970,29970,29971,29971,29970,
29969,29971,29971,29972,29972,29972,29972,29973,29975,29976,29973,29974]} 1. e4
e5 2. Nf3 Nf6 3. d4 Nxe4 4. Bd3 d5 5. Nxe5 Nd7 6. Nc3 Nxe5 7. dxe5 Bb4 {
C43: Petroff Defence: 3 d4.} 8. O-O Nxc3 9. bxc3 Bxc3 {[%mdl 64] [#] Double
Attack. The position is equal.} 10. Rb1 O-O 11. Bxh7+ {[%mdl 64] Decoy} Kxh7
12. Qd3+ {[%mdl 64] Double Attack} Kg8 13. Qxc3 a5 {[#]} 14. Qg3 $5 $146 {
[%mdl 8] Strongly threatening Bh6! New and interesting.} ({Predecessor:} 14. f4
d4 15. Qd3 Re8 16. Bd2 Ra6 17. Rbe1 g6 18. f5 Bxf5 19. Qg3 Bxc2 20. Bg5 {
1/2-1/2 (30) Xu,Y (2527)-Liu,Y (2524) Xinghua 2021}) 14... Qd7 15. Bg5 Ra6 16.
f4 {f5 is the strong threat.} Qf5 17. h3 Rg6 {And now ...f6 would win.} 18. Qf2
f6 19. g4 Qe4 (19... Qd7 $5 {[%cal Rf6g5]} 20. e6 Qa4 $11) 20. Rbe1 Qc4 21.
exf6 gxf6 22. Bh4 Bf5 23. Kh2 Be4 24. f5 Rg7 25. Bg3 Qxc2 26. Re2 Qc4 27. Bf4
Re8 28. Rc1 Qa6 29. Ree1 Rge7 30. Rxc7 (30. Qd4 {keeps more tension.} Rc8 31.
h4 Rg7 32. g5 fxg5 33. hxg5 Qb5 34. f6) 30... Rxc7 31. Bxc7 Rc8 32. Qb6 Qxb6
33. Bxb6 $11 {[%mdl 4096] Endgame KRB-KRB} Rc2+ 34. Kg3 Rxa2 35. Rc1 Bc2 36.
Kf4 Kf7 37. h4 Ra4+ 38. Ke3 Rc4 ({Better is} 38... Ra3+ $11 39. Kd2 Be4) 39.
Kd2 $14 Bb3 40. Rxc4 Bxc4 41. Bxa5 {KB-KB} d4 42. Ke1 b5 43. Kf2 Bb3 44. Kg3
Bd1 45. Kf4 Be2 46. Bb6 d3 {White must now prevent ...d2.} 47. Ba5 Bd1 48. Bb4
Be2 49. g5 Bh5 50. Bc3 Be2 51. Ke3 Bg4 52. Ke4 $1 Be2 53. Kd5 (53. gxf6 $14 b4
54. Bxb4) 53... Bh5 ({Black should try} 53... d2 $11 54. Bxd2 Bd3) 54. Kd6 (54.
gxf6 $14 b4 55. Bxb4) 54... fxg5 $2 {[%mdl 8192] [#]} (54... Bf3 $11) 55. hxg5
{White mates.} Bg6 56. Ke5 Bh7 57. Kf4 Ke7 58. Bb4+ Kf7 59. Ke5 Kg7 60. Ke6
Bg8+ 61. Ke7 Bf7 62. Bc3+ Kg8 63. Kf6 {Weighted Error Value: White=0.06/
Black=0.20} 1-0

[Event "EICC 2021"]
[Site "Reykjavik"]
[Date "2021.09.02"]
[Round "8.15"]
[White "Lagarde, Maxime"]
[Black "Basso, Pier Luigi"]
[Result "1-0"]
[WhiteElo "2631"]
[BlackElo "2541"]
[Annotator "TA"]
[PlyCount "109"]
[EventDate "2021.08.26"]
[EventType "swiss"]
[EventCountry "ISL"]
[Tiebreak "Cut1 Buchholz"]
[SourceTitle "playchess.com"]
[Source "ChessBase"]
[SourceQuality "1"]

{[%evp 15,109,14,12,0,0,0,0,0,0,0,0,0,0,-71,-71,-71,-71,-73,-89,-74,-81,-89,
-18,-49,-17,-15,-4,-15,-16,-16,-16,-25,-18,-18,-20,-16,-13,-16,-12,-27,-16,-39,
-44,-40,-39,-55,-39,-44,0,0,0,0,0,0,0,0,0,0,0,0,27,23,56,49,104,106,150,150,
158,156,150,144,182,128,225,133,232,192,187,186,172,176,178,170,172,154,148,
147,232,218,769,727,648,596,1840,1741]} 1. e4 e5 2. Nf3 Nf6 3. Nxe5 d6 4. Nf3
Nxe4 5. d4 d5 6. Bd3 Nc6 7. O-O Be7 8. Re1 {8.Nbd2 is a critical line.} Bg4 9.
Nc3 $5 {[%cal Bb1c3,Bc3e2,Be2g3][%mdl 4] An interesting side line. C42:
Petroff Defence: 3 Nxe5 and unusual White 3rd moves.} f5 10. Ne2 O-O 11. c3 {
The position is equal.} Bxf3 12. gxf3 {[#]} Bd6 $146 {Hoping for ...Qh4!} ({
Predecessor:} 12... Bh4 13. Ng3 Ng5 14. Kg2 Qd7 15. Bf4 Ne7 16. Qd2 Ne6 17. Be5
f4 18. Ne2 Ng6 {0-1 (38) Newton,H (1946)-Martin,D (1750) IECC email 2002}) 13.
Ng3 (13. fxe4 fxe4 14. Ng3 exd3 $17) 13... Ng5 14. Bxg5 (14. Nxf5 $11 {remains
equal.} g6 15. Kh1) 14... Qxg5 $17 15. Qb3 Ne7 (15... f4 $6 16. h4 $1 $14) 16.
Rxe7 Qxe7 17. Qxd5+ Kh8 18. Bxf5 Qg5 (18... g6 $17 19. Be4 c6) 19. Be4 $11 Qxd5
(19... Qh4 {is more complex.} 20. Kg2 Rab8 21. Qe6 g6 22. Qg4 Qh6) 20. Bxd5
Rad8 {Threatens to win with ...Bxg3.} 21. Bxb7 Rb8 22. Bd5 Rxb2 23. Re1 Rc2 24.
Ne4 Bf4 25. Kg2 Rb8 26. Bb3 Rc1 27. Re2 a5 28. h4 g6 {[%mdl 1024] Black has
compensation.} 29. Nf6 {White wants to mate with Re7.} Bd6 ({Worse is} 29...
Rxc3 30. Re7 h6 31. Rh7#) 30. Nd5 Rd8 31. Re6 Rb1 32. Nf6 Rb2 33. Ne4 a4 34.
Bxa4 Rxa2 35. Bc6 Rc2 36. Bd5 Rf8 37. c4 Bf4 38. Re7 h6 39. Bf7 Rc1 {Black is
on the road to losing.} (39... c6 $14) 40. c5 $16 Rd1 {[#]} 41. d5 $1 ({
Don't play} 41. Bxg6 $6 Rxd4 42. Nc3 Rd2 $11) 41... Kg7 42. Be6+ Kh8 43. Rd7
Ra1 44. Bf7 (44. c6 $18) 44... Raa8 (44... g5 $16) 45. c6 (45. Bxg6 $18 Rad8
46. c6) 45... Rad8 (45... Rfd8 $16) 46. Nc5 {Black must now prevent Ne6.} Rxd7
47. cxd7 $18 {[%mdl 4096] Endgame KRB-KBN} Rd8 {[#] Black wants to play ...Bd6.
} 48. Be8 $1 {Ne6! is the strong threat.} Bd6 49. Ne6 Be7 50. Kh3 Kh7 51. Nxc7
Rb8 (51... h5 $16 52. Ne6 Ra8) 52. Ne6 Rb6 $2 (52... Bf6 53. d6 Ra8) 53. d8=Q {
White is clearly winning.} Bxd8 54. Nxd8 Rb8 55. Nc6 {Weighted Error Value:
White=0.09/Black=0.18} 1-0

[Event "EICC 2021"]
[Site "Reykjavik"]
[Date "2021.09.02"]
[Round "8.16"]
[White "Vocaturo, Daniele"]
[Black "Petrov, Martin"]
[Result "1-0"]
[WhiteElo "2630"]
[BlackElo "2521"]
[Annotator "TA"]
[PlyCount "105"]
[EventDate "2021.08.26"]
[EventType "swiss"]
[EventCountry "ISL"]
[Tiebreak "Cut1 Buchholz"]
[SourceTitle "playchess.com"]
[Source "ChessBase"]
[SourceQuality "1"]

{[%evp 17,105,28,24,21,18,23,23,18,23,26,27,23,20,15,48,44,31,28,57,52,132,121,
120,18,38,33,42,25,23,23,25,17,91,100,157,104,279,271,252,84,189,27,49,37,42,
20,37,30,183,192,182,168,354,359,326,339,314,264,340,254,247,243,350,349,484,
483,708,697,663,668,646,625,729,723,950,730,730,729,722,722,687,678,2314,1124,
4976,3430,4976,4626,5997,5122]} 1. e4 c5 2. Nf3 d6 3. d4 cxd4 4. Nxd4 Nf6 5.
Nc3 a6 6. Be3 e5 7. Nb3 Be6 8. f3 h5 9. Qd2 Nbd7 10. Nd5 $1 {The main line 10.
Nd5 scores better than 10.0-0-0. B90: Sicilian Najdorf: Unusual White 6th
moves, 6 Be3 Ng4 and 6 Be3 e5.} Bxd5 11. exd5 g6 12. Be2 {White has an edge.}
Bg7 13. O-O b6 14. Rad1 O-O 15. Kh1 Qc7 16. g4 hxg4 17. fxg4 {[#]} a5 $146 {
White should prevent ...a4.} ({Predecessor:} 17... Ne4 18. Qb4 Nec5 19. Nxc5
Nxc5 20. Rf3 Nd7 21. Qd2 e4 22. Rh3 Ne5 23. c3 Rfe8 {1/2-1/2 (50) Reuter,P 
(2304)-Hoeppenstein,M (2337) ICCF email 2016}) 18. g5 Nh5 (18... Ne4 $14 19.
Qe1 a4) 19. Bxh5 $16 gxh5 20. Qe2 (20. Qd3 $16) 20... Rac8 $11 21. c3 Qc4 22.
Qxh5 a4 23. Nd2 Qxd5+ 24. Nf3 Qe6 (24... Qe4 $1 $11 {keeps the balance.}) 25.
Nh4 $16 a3 ({Black should play} 25... f5) 26. bxa3 (26. Nf5 $142 $1 axb2 27.
Rb1) 26... Rxc3 $2 (26... f5 $16) 27. Nf5 $18 d5 28. Rde1 $2 $40 {[%mdl 128]
White attacks with force.} (28. Rf2 $18) 28... Rc4 {[#]} ({But not} 28... d4 $2
29. Bxd4 $1 Rc2 30. Be3 $18) (28... Re8 $16) 29. Re2 $2 (29. Bd4 $1 $18 {
[%mdl 512]}) 29... Rf4 $1 $11 {[%cal Rf4f1]} 30. Nh6+ ({Stronger than} 30. Bxf4
Qxf5 31. Ref2 Qe4+ 32. Qf3 exf4 $17) 30... Bxh6 31. Bxf4 Bg7 32. Bd2 {Strongly
threatening Bb4.} d4 $2 {White stays focused until the end.} (32... e4 $1 $11 {
and Black has nothing to worry.}) 33. Bb4 $1 $18 {[%cal Rb4f8]} Nc5 34. Rg2 Qg6
$2 (34... e4 {was called for.}) 35. Qxg6 fxg6 36. Rxf8+ Bxf8 {[%mdl 4096]
Endgame KRB-KBN} 37. Re2 Bd6 38. a4 {[%cal Ba3a4,Ba4a5][%mdl 32]} d3 {[#]} 39.
Re1 e4 (39... Kf7 {might work better.} 40. a5 bxa5 41. Bxc5 Bxc5) 40. Kg2 Bf4 {
[#]} 41. a5 $1 {White is clearly winning.} d2 (41... Na6 $142) 42. Rd1 e3 43.
Kf3 Ne6 {[#] White must now prevent ...Nd4+.} 44. Bxd2 $1 {[%mdl 512]
Threatens to win with a6.} exd2 (44... bxa5 45. Bxa5) 45. axb6 Kf7 46. b7 Bxh2
47. Rxd2 Bb8 48. Kg4 Ke7 49. Rc2 Nc7 50. Rc6 Kd7 51. Rxg6 Nd5 52. Rg7+ Kc6 53.
Rf7 {Weighted Error Value: White=0.22/Black=0.44} 1-0

[Event "EICC 2021"]
[Site "Reykjavik"]
[Date "2021.09.02"]
[Round "8.17"]
[White "Hovhannisyan, Robert"]
[Black "Stefansson, Hannes"]
[Result "1-0"]
[WhiteElo "2626"]
[BlackElo "2519"]
[Annotator "TA"]
[PlyCount "128"]
[EventDate "2021.08.26"]
[EventType "swiss"]
[EventCountry "ISL"]
[Tiebreak "Cut1 Buchholz"]
[SourceTitle "playchess.com"]
[Source "ChessBase"]
[SourceQuality "1"]

{[%evp 12,128,51,49,56,33,35,22,31,31,30,11,1,0,10,0,0,0,0,0,0,0,8,8,8,9,130,
135,142,140,137,116,124,158,130,75,74,68,86,87,127,76,116,59,38,68,49,41,44,11,
12,9,34,23,185,180,196,-90,22,22,26,15,171,14,21,15,150,148,173,176,181,172,
170,159,174,171,156,168,212,155,152,151,155,152,146,146,169,168,172,158,152,
152,154,141,138,137,167,167,162,162,151,129,131,131,127,118,114,109,121,100,
101,99,126,121,190,195,186,181,29982]} 1. e4 e5 2. Nf3 Nc6 3. Bb5 a6 4. Ba4 Nf6
5. O-O b5 6. Bb3 Bc5 7. a4 $1 {[%mdl 4] is more profitable than 7.c3 at the
moment.} Rb8 {C78: Ruy Lopez: Archangelsk and Möller Defences.} (7... Nxe4 $2
8. axb5 Nxf2 9. Qe2 $18 (9. Rxf2 Bxf2+ 10. Kxf2 Nd4 $16)) 8. Nxe5 Nxe5 9. d4
Bxd4 {The position is equal.} 10. Qxd4 d6 11. f4 Nc6 12. Qc3 Ne7 13. Nd2 $5 {
[%mdl 4] Exploring less charted territory.} O-O 14. e5 Nfd5 15. Qf3 dxe5 16.
fxe5 {[#]} c6 $146 ({Predecessor:} 16... c5 17. axb5 axb5 18. c4 Nb4 19. cxb5
Nf5 20. Qe4 Qd4+ 21. Qxd4 Nxd4 22. Bc4 Be6 23. b3 Nbc2 24. Ra6 Ne3 25. Re1 Nec2
26. Rf1 Ne3 27. Re1 Nec2 28. Rf1 {1/2-1/2 (28) Riff,J (2479)-Kurmann,O (2459)
Switzerland 2017}) 17. Ne4 Qb6+ 18. Kh1 Bf5 {[#]} (18... Be6 $11) 19. Nf6+ $1
$16 {[%mdl 512]} Kh8 {[#]} 20. Bg5 $1 {[%cal Rf6d5]} Be6 (20... gxf6 $2 21.
exf6 Rg8 22. h4) 21. axb5 axb5 {[#]} 22. Rae1 $1 Qc5 (22... gxf6 $2 23. Bxf6+
Nxf6 24. Qxf6+ Kg8 25. Bxe6 $18 (25. Qxe7 Qd8 $18)) 23. Nh5 (23. Bxd5 $142 Nxd5
24. Rf2 (24. Nxd5 Bxd5 25. Qf5 Ra8 $15)) 23... Rg8 24. Ng3 Qa7 25. c3 Qd7 26.
Re4 (26. Bc2 $142) 26... Rgf8 27. Bc2 (27. Nh5 $16 Ra8 28. Nxg7 Kxg7 29. Bf6+
Nxf6 30. exf6+ Kh8 31. fxe7 Qxe7 32. Qh5 $1) 27... f5 $14 28. exf6 Nxf6 29. Rh4
Bg8 $1 30. Rd1 Qe6 31. Ne2 {next Nf4 is good for White.} Nfd5 32. Qd3 {[%cal
Rh4h7]} Nf5 $2 (32... Qf5 $1 $11 {and Black has nothing to worry.}) 33. Nd4 $18
Qg6 34. Rg4 {[#]} (34. Nxf5 Qxg5 35. Qg3 Qxg3 $15) ({Only move:} 34. Qd2 $18)
34... Qh5 $1 35. h3 $40 {[%mdl 128] Black needs to defend precisely.} Nxd4 36.
Qxd4 Nf6 $2 (36... Rbe8 $11 {and Black is okay.}) 37. Rg3 $2 (37. Bxf6 $18 gxf6
38. Qd7) 37... Rbe8 38. Kh2 Bd5 (38... Qe2 $11 39. Rd2 Qc4) 39. Rf1 $1 $16 Re6
40. Rf4 Qe2 {[#]} 41. Bf5 Re7 {[#]} 42. Bxh7 $1 {[%mdl 512]} Qe5 ({Not} 42...
Nxh7 $2 43. Rxf8+ Nxf8 44. Qh4+ Nh7 45. Bxe7 $18) ({Don't go for} 42... Kxh7 $2
43. Bxf6 Rff7 44. Rh4+ Kg8 45. Rhg4 $18) 43. Bd3 {Hoping for Rxf6!} Qxd4 44.
Rxd4 Re6 45. Re3 Rxe3 46. Bxe3 Re8 47. Rh4+ Kg8 48. Bd4 Re7 49. Rf4 Ne4 50. b4
Ng5 51. Rf2 Be4 52. Bf1 Ne6 53. Be3 Rd7 54. Be2 Rd8 55. Bg4 Bd5 56. Rd2 Kf7 57.
Be2 Ra8 {[#]} 58. Bxb5 $1 {[%mdl 512]} Ra3 59. Be2 Rxc3 60. Bg1 Be4 61. Bg4 {
Black must now prevent Rd7+.} Ke7 62. Bf2 Bd3 (62... Rc4 $16) 63. Bxe6 $18 Kxe6
64. Bd4 Kd5 $2 {Weighted Error Value: White=0.17/Black=0.27} (64... Rb3 $18 65.
Bxg7 Kf7) 1-0

[Event "EICC 2021"]
[Site "Reykjavik"]
[Date "2021.09.02"]
[Round "8.18"]
[White "Ter-Sahakyan, Samvel"]
[Black "Sebenik, Matej"]
[Result "1/2-1/2"]
[WhiteElo "2624"]
[BlackElo "2492"]
[Annotator "TA"]
[PlyCount "60"]
[EventDate "2021.08.26"]
[EventType "swiss"]
[EventCountry "ISL"]
[Tiebreak "Cut1 Buchholz"]
[SourceTitle "playchess.com"]
[Source "ChessBase"]
[SourceQuality "1"]

{[%evp 25,60,47,50,61,64,63,73,87,85,68,92,76,104,14,30,35,37,-17,11,13,0,0,8,
0,0,0,0,0,0,0,0,0,0,0,0,0,0]} 1. e4 c5 2. Nf3 d6 3. d4 cxd4 4. Nxd4 Nf6 5. Nc3
g6 6. Be3 Bg7 7. f3 O-O 8. Qd2 Nc6 9. O-O-O d5 10. exd5 Nxd5 11. Nxc6 bxc6 12.
Bd4 e5 13. Bc5 Re8 14. Ne4 {B76: Sicilian Dragon: Yugoslav Attack, 9 g4 and 9
0-0-0.} Qc7 15. h4 f5 16. Nd6 {White is better.} Rd8 17. Nxc8 Raxc8 18. Bc4 {
[#]} h5 $146 {[#]} ({Predecessor:} 18... Bf8 19. Bxf8 Kxf8 20. Qe1 Nf6 21. Qe2
Nh5 22. Qe3 Nf6 23. Rxd8+ Rxd8 24. h5 Nxh5 {1/2-1/2 (43) Schmidt,M (1898)
-Grass,E (1527) Frankfurt 2005}) 19. Qf2 (19. g4 $1 $16 {[%cal Rg4h5]}) 19...
Kh7 20. g4 Qf7 21. gxf5 (21. Rde1 $14) 21... Bh6+ {The position is equal.} 22.
Kb1 {And now fxg6+ would win.} Nc3+ $1 23. bxc3 Qxc4 24. fxg6+ Kg8 {aiming for
...Rb8+.} 25. Rxd8+ $1 Rxd8 26. Bb4 Rb8 {Threatens to win with ...Qxc3.} 27.
Qxa7 {[%csl Gg6][%cal Ra7h7]} Rxb4+ 28. cxb4 Qxb4+ 29. Ka1 {White threatens
Qh7+ and mate.} Qc3+ {[%mdl 64] [#] Double Attack} 30. Kb1 {White wants to
mate with Qh7+.} Qb4+ {Weighted Error Value: White=0.15/Black=0.03} 1/2-1/2

[Event "EICC 2021"]
[Site "Reykjavik"]
[Date "2021.09.02"]
[Round "8.19"]
[White "Maurizzi, Marc Andria"]
[Black "Fridman, Daniel"]
[Result "0-1"]
[WhiteElo "2488"]
[BlackElo "2621"]
[Annotator "TA"]
[PlyCount "108"]
[EventDate "2021.08.26"]
[EventType "swiss"]
[EventCountry "ISL"]
[Tiebreak "Cut1 Buchholz"]
[SourceTitle "playchess.com"]
[Source "ChessBase"]
[SourceQuality "1"]

{[%evp 24,108,41,33,45,46,22,28,29,32,41,17,16,9,25,0,0,0,0,-43,-75,-57,-57,
-102,-55,-132,-127,-143,-149,-141,-158,-141,-142,-250,-258,-260,-258,-228,-252,
-293,-278,-285,-295,-362,-364,-361,-360,-354,-350,-340,-329,-356,-223,-193,
-144,-320,-270,-265,-258,-333,-343,-340,-340,-416,-408,-485,-468,-430,-370,
-538,-534,-738,-729,-651,-443,-29973,-29974,-29974,-29975,-29974,-29974,-29988,
-29989,-29989,-29990,-29990,-29990]} 1. c4 e6 2. g3 d5 3. Bg2 Nf6 4. Nf3 c5 5.
cxd5 exd5 6. d4 Nc6 7. Nc3 Be7 8. O-O O-O 9. Bg5 c4 10. Ne5 Be6 11. Nxc6 bxc6
12. b3 cxb3 13. axb3 Qd7 {D34: Tarrasch Defence: 6 g3 Nf6 7 Bg2 Be7.} 14. Na4
Rfb8 15. Bxf6 gxf6 {White has an edge.} 16. Rc1 {[#]} Rb4 $5 $146 {[%mdl 8] An
interesting novelty.} ({Predecessor:} 16... Rb5 17. Qc2 Rc8 18. Rfd1 Kg7 19.
Bf1 Bg4 20. Qa2 Rcb8 {1/2-1/2 (20) Voigt,D (1837)-Hopp,K (2048) GER email 2014}
) 17. Nc5 Bxc5 18. Rxc5 Rab8 19. Rc3 R8b6 20. Rf3 Kg7 21. Qc2 Bg4 22. Rf4 Rxb3
23. h3 Bh5 ({Don't blunder} 23... Rb2 $2 24. Rxg4+ Qxg4 25. Qxb2 $3 $18 {
[%mdl 512]}) 24. e4 {[#]} ({White should play} 24. Ra1 $15) 24... Bg6 $1 $17
25. Qe2 dxe4 26. Bxe4 Qxh3 27. Bg2 Qe6 28. Qa2 (28. Qd2 $17) 28... Bd3 $19 29.
d5 cxd5 30. Rd1 Be4 31. Bxe4 dxe4 32. Qe2 {Rg4+ is the strong threat.} Rb1 33.
Rg4+ Kf8 34. Kg2 {And now Rd8+ would win.} Rxd1 35. Qxd1 {[%mdl 4096] Endgame
Strongly threatening Qd8+. KQR-KQR} Rd6 36. Qe2 f5 37. Rf4 a6 38. Qh5 Qg6 39.
Qe2 {Loses the game.} (39. Qxf5 $17 {might work better.} Qxf5 40. Rxf5) 39...
Re6 40. Qe3 {[#]} Re5 41. Qd4 Qf6 42. Rh4 Kg7 43. Qe3 Rd5 44. Rh1 Rd3 45. Qf4 {
and the idea Rh5 leaves White hopeful.} Rf3 46. Qc7 (46. Qd2 {was worth a try.}
) 46... h6 47. Rc1 f4 48. g4 Qe6 49. Rc6 (49. Qc8 $19 Ra3 50. Qxe6 fxe6 51. Rc4
) 49... Qxg4+ {Black mates.} 50. Kf1 Qh3+ 51. Kg1 Qf5 52. Qb6 Rh3 53. Qd4+ Kh7
54. f3 Qg5+ {Weighted Error Value: White=0.45/Black=0.14} 0-1

[Event "EICC 2021"]
[Site "Reykjavik"]
[Date "2021.09.02"]
[Round "8.20"]
[White "Gajewski, Grzegorz"]
[Black "Quparadze, Giga"]
[Result "1/2-1/2"]
[WhiteElo "2617"]
[BlackElo "2476"]
[Annotator "TA"]
[PlyCount "63"]
[EventDate "2021.08.26"]
[EventType "swiss"]
[EventCountry "ISL"]
[Tiebreak "Cut1 Buchholz"]
[SourceTitle "playchess.com"]
[Source "ChessBase"]
[SourceQuality "1"]

{[%evp 15,63,27,29,39,35,31,27,33,27,24,35,27,38,37,50,45,66,56,56,60,65,77,78,
83,81,66,62,56,81,27,25,0,0,-14,0,-67,-31,-76,0,0,0,0,0,0,0,0,0,0,0,0]} 1. d4
Nf6 2. c4 e6 3. Nf3 b6 4. g3 Bb4+ 5. Bd2 c5 6. Bxb4 cxb4 7. Bg2 Bb7 8. O-O O-O
9. Qd3 {E16: Queen's Indian: 4 g3 Bb7 5 Bg2 Bb4+.} a5 10. Nbd2 d6 11. Rac1 {
White has an edge.} Qc7 12. Rfd1 {[#]} e5 $146 ({Predecessor:} 12... Rc8 13.
Ng5 h6 14. Bxb7 Qxb7 15. Nge4 Ne8 16. g4 Nd7 17. d5 Ne5 18. Qd4 Nxg4 19. dxe6
fxe6 20. Nxd6 Nxd6 21. Qxg4 {0-1 (44) Ivanov,S (2551)-Yemelin,V (2582) St
Petersburg 2009}) 13. Ne1 Bxg2 14. Nxg2 Nc6 15. dxe5 Nxe5 16. Qf5 Rac8 17. Ne3
Rfe8 18. Ne4 Nxe4 19. Qxe4 Re6 20. b3 Nd7 21. Qf4 Nf6 22. Nf5 ({White should
play} 22. Rd4 $16) 22... Ne4 $1 $11 23. Nd4 (23. Rc2 {with more complications.}
Nc3 24. Rdd2 g6 25. Ne3 Qe7 26. Rxc3 bxc3 27. Nd5) 23... Re5 24. Nb5 Qc5 25.
Rd4 (25. Rd3 $11) 25... Rce8 (25... Ng5 $5 {[%cal Rg5h3]} 26. Qd2 Rce8 $15) 26.
Rcd1 {[#]} Nc3 ({Black should try} 26... Ng5 $1 $17 {[%cal Rg5h3] ...Nh3+ is
the strong threat.} 27. Qg4 h5 28. Qxh5 Ne6) 27. Nxc3 {The position is equal.}
bxc3 28. Qc1 {Black must now prevent e3.} Rxe2 29. Qxc3 Rxa2 30. Qf3 Ra1 {
[#] Strongly threatening ...Qxd4.} 31. Rxd6 Qxd6 32. Rxa1 {Weighted Error
Value: White=0.13/Black=0.09} 1/2-1/2